[Event "III Open Oro Caffe'"]
[Site "Udine ITA"]
[Date "2010.07.08"]
[Round "4"]
[White "Pagnutti, Lorenzo"]
[Black "Fermo, Ruggero"]
[Result "1/2-1/2"]
[WhiteElo "2095"]
[BlackElo "1901"]
[PlyCount "121"]
[EventDate "2010.07.05"]

1. e4 d5 2. exd5 Qxd5 3. Nc3 Qd8 4. Nf3 c6 5. d4 e6 6. Bd3 Nf6 7. O-O Nbd7 8.
Re1 Be7 9. a4 O-O 10. Bd2 b6 11. Qe2 a5 12. h3 Bb7 13. Rad1 Qc7 14. Ne4 Nd5 15.
g3 h6 16. c4 N5f6 17. Bf4 Qd8 18. Nd6 Ba6 19. Ne4 Bb4 20. Bd2 Be7 21. b3 Re8
22. Bc3 Qc7 23. Bb1 Nd5 24. Bb2 Bb4 25. Rf1 f5 26. Ned2 Rad8 27. Qd3 N5f6 28.
Qc2 Nh5 29. Kg2 Bb7 30. Kh2 Bd6 31. Rg1 Rf8 32. Rde1 Rde8 33. Qd3 Nhf6 34. Ne5
Bb4 35. Bc3 Bc8 36. Bxb4 axb4 37. Ng6 Rf7 38. Qe3 Nf8 39. Ne5 Rfe7 40. Nd3 Bb7
41. f4 Qd6 42. Nf3 c5 43. Nde5 Ne4 44. Bxe4 fxe4 45. Nd2 cxd4 46. Qe2 e3 47.
Ndf3 Qc5 48. Nd3 Bxf3 49. Qxf3 Qa5 50. Rd1 Nd7 51. Qe4 e5 52. Nxe5 Nxe5 53.
fxe5 Qxe5 54. Qxe5 Rxe5 55. Rxd4 e2 56. Re1 Re3 57. Rd2 Rxb3 58. Rexe2 Rxe2+
59. Rxe2 Rc3 60. Re6 Rxc4 61. Rxb6 1/2-1/2

[Event "III Open Oro Caffe'"]
[Site "Udine ITA"]
[Date "2010.07.08"]
[Round "4"]
[White "Redo, Stefano"]
[Black "Gabassi, Cristina"]
[Result "1/2-1/2"]
[WhiteElo "1919"]
[BlackElo "1621"]
[PlyCount "80"]
[EventDate "2010.07.05"]

1. e4 d5 2. exd5 Qxd5 3. Nc3 Qa5 4. d4 c6 5. Nf3 Nf6 6. Bc4 Bf5 7. O-O Nbd7 8.
Re1 Qc7 9. h3 e6 10. Nh4 Bg6 11. Bg5 O-O-O 12. Qe2 Bb4 13. a3 Bd6 14. Rec1 h6
15. Nxg6 fxg6 16. Be3 Rde8 17. b4 Nd5 18. Ne4 Nxe3 19. Nxd6+ Qxd6 20. Qxe3 Rhf8
21. b5 Nb6 22. Bd3 Nd5 23. Qd2 Nf4 24. bxc6 Qxc6 25. Bf1 Rd8 26. Rab1 Qd5 27.
Qb4 Rf7 28. c4 Qxd4 29. Qb3 Nd3 30. Bxd3 Qxd3 31. Rc3 Qe2 32. Rf3 Rdd7 33. Rxf7
Rxf7 34. Qg3 g5 35. c5 Qc4 36. Qe3 Rc7 37. Rc1 Qd5 38. Rc3 a6 39. Rd3 Qf5 40.
Qd4 Qf6 1/2-1/2

[Event "III Open Oro Caffe'"]
[Site "Udine ITA"]
[Date "2010.07.08"]
[Round "4"]
[White "Rozmann, Glauco"]
[Black "Menon, Michele"]
[Result "0-1"]
[WhiteElo "1745"]
[BlackElo "1733"]
[PlyCount "76"]
[EventDate "2010.07.05"]

1. d4 d6 2. c4 Nf6 3. Nc3 Nbd7 4. e4 e5 5. d5 Nc5 6. Qc2 a5 7. b3 Be7 8. Be2
Bd7 9. a4 O-O 10. Nh3 c6 11. Be3 Na6 12. Qd2 Nb4 13. f3 Nh5 14. O-O-O cxd5 15.
Nxd5 Nxd5 16. exd5 Re8 17. g4 Nf6 18. Rhg1 b5 19. Qc2 bxa4 20. bxa4 Rb8 21. Kd2
Rb4 22. Ra1 Qb8 23. Rgb1 Rc8 24. Rxb4 Qxb4+ 25. Kd1 Nxd5 26. Bd2 Qc5 27. Bd3
Ne3+ 28. Bxe3 Qxe3 29. Bxh7+ Kh8 30. Be4 Qd4+ 31. Ke2 Qxa1 32. Nf2 Bxa4 33. Qd3
Qb2+ 34. Kf1 Bh4 35. Nh3 Qxh2 36. f4 exf4 37. Bg2 Qg3 38. Qf5 Qe1# 0-1

[Event "III Open Oro Caffe'"]
[Site "Udine ITA"]
[Date "2010.07.08"]
[Round "4"]
[White "Santacroce, Fidel"]
[Black "La Malfa, Stelio"]
[Result "0-1"]
[WhiteElo "1589"]
[BlackElo "1826"]
[PlyCount "75"]
[EventDate "2010.07.05"]

1. e4 e5 2. Nf3 Nc6 3. Bc4 Bc5 4. Nc3 Nf6 5. d3 h6 6. h3 d6 7. Na4 Bb6 8. Nxb6
axb6 9. a3 O-O 10. O-O Be6 11. Bxe6 fxe6 12. Re1 Qe7 13. d4 exd4 14. Nxd4 Qf7
15. Nxc6 bxc6 16. Qf3 Nd7 17. Qxf7+ Rxf7 18. Be3 Ra4 19. f3 Ne5 20. b3 Ra6 21.
f4 Ng6 22. g3 Rf8 23. a4 Raa8 24. Rad1 b5 25. axb5 cxb5 26. h4 Ra2 27. Rc1 Ne7
28. g4 Ra3 29. Bd2 c5 30. Red1 d5 31. Re1 d4 32. f5 c4 33. fxe6 cxb3 34. Bb4 b2
35. Rb1 Ra7 36. Bxe7 Rxe7 37. Red1 Rxe6 38. Rxd4 0-1

[Event "III Open Oro Caffe'"]
[Site "Udine ITA"]
[Date "2010.07.08"]
[Round "4"]
[White "Sialino, Roberto"]
[Black "Capaliku, Aleks"]
[Result "0-1"]
[WhiteElo "1900"]
[BlackElo "2095"]
[PlyCount "65"]
[EventDate "2010.07.05"]

1. e4 e5 2. Bc4 Nc6 3. Nf3 Bc5 4. c3 d6 5. d4 exd4 6. cxd4 Bb6 7. Nc3 Bg4 8.
Qb3 Bxf3 9. Bxf7+ Kf8 10. Bxg8 Rxg8 11. gxf3 Nxd4 12. Qd1 Qf6 13. f4 Re8 14.
Be3 Ne6 15. Qg4 Ba5 16. e5 dxe5 17. f5 Nd4 18. O-O-O Bxc3 19. bxc3 Nxf5 20. Bg5
Qe6 21. Qb4+ Nd6 22. f4 e4 23. f5 Qc4 24. Qa3 Qa6 25. Qc5 Qb6 26. Qd5 Qb5 27.
Qd4 Qc4 28. Qe3 Qxa2 29. f6 g6 30. Bh6+ Kf7 31. Qc5 Qc4 32. Qe3 Re6 33. Rd4 0-1

[Event "III Open Oro Caffe'"]
[Site "Udine ITA"]
[Date "2010.07.08"]
[Round "4"]
[White "Tassinari, Luca"]
[Black "Procacci, Sergio"]
[Result "0-1"]
[WhiteElo "1856"]
[BlackElo "2043"]
[PlyCount "74"]
[EventDate "2010.07.05"]

1. e4 d6 2. d4 Nf6 3. Bd3 e5 4. Ne2 Nc6 5. c3 d5 6. f3 exd4 7. cxd4 dxe4 8.
fxe4 Bb4+ 9. Nbc3 Bg4 10. d5 Ne5 11. O-O Bc5+ 12. Kh1 a6 13. Bg5 Qd6 14. Bf4
Nfd7 15. Qd2 O-O 16. Ng3 Nf6 17. h3 Bd7 18. Nd1 Rfe8 19. Ne3 Bxe3 20. Qxe3 c6
21. Qb6 Rab8 22. Rad1 h6 23. Ne2 Qe7 24. Nc3 Red8 25. Bc2 Bc8 26. Qf2 Nh5 27.
Bh2 Nf6 28. Bf4 Ng6 29. e5 Nxd5 30. Bxg6 fxg6 31. Ne4 g5 32. Bh2 Rf8 33. Qe2
Nf4 34. Qc4+ Be6 35. Qc3 Bd5 36. Bxf4 gxf4 37. Nd6 Qh4 0-1

[Event "III Open Oro Caffe'"]
[Site "Udine ITA"]
[Date "2010.07.08"]
[Round "4"]
[White "Varini, Massimo"]
[Black "Fantini, Marco"]
[Result "1-0"]
[WhiteElo "2076"]
[BlackElo "1954"]
[PlyCount "53"]
[EventDate "2010.07.05"]

1. d4 d5 2. c4 e5 3. e3 Nc6 4. cxd5 Qxd5 5. Nc3 Bb4 6. Bd2 Bxc3 7. bxc3 Qd6 8.
Bd3 Nf6 9. Ne2 O-O 10. Ng3 exd4 11. cxd4 Nb4 12. Be2 c5 13. Bxb4 cxb4 14. O-O
Nd5 15. Bd3 g6 16. Qd2 Nc3 17. a3 Bg4 18. axb4 Qxb4 19. f3 Be6 20. Rfb1 a5 21.
Rxb4 axb4 22. Rxa8 Rxa8 23. h4 Ra1+ 24. Kh2 Rd1 25. Qc2 Bd7 26. Be4 Ba4 27. Qb2
1-0

[Event "III Open Oro Caffe'"]
[Site "Udine ITA"]
[Date "2010.07.08"]
[Round "4"]
[White "Visintin, Roberto"]
[Black "Gabassi, Francesco"]
[Result "1/2-1/2"]
[WhiteElo "2031"]
[BlackElo "1878"]
[PlyCount "54"]
[EventDate "2010.07.05"]

1. Nf3 Nf6 2. d4 g6 3. Bf4 Bg7 4. e3 d6 5. h3 O-O 6. Nbd2 c5 7. c3 Nc6 8. Be2
cxd4 9. exd4 e5 10. dxe5 dxe5 11. Nxe5 Nd5 12. Nxc6 bxc6 13. Bg3 Re8 14. O-O
Bxc3 15. Nc4 Bg7 16. Re1 Ba6 17. Nd6 Rxe2 18. Rxe2 Bxe2 19. Qxe2 Qd7 20. Re1
Rd8 21. Nc4 Qf5 22. Qe4 Qxe4 23. Rxe4 h5 24. a3 a5 25. Nxa5 Bxb2 26. Nxc6 Ra8
27. a4 Nc3 1/2-1/2

[Event "III Open Oro Caffe'"]
[Site "Udine ITA"]
[Date "2010.07.08"]
[Round "4"]
[White "Zavagno, Matteo"]
[Black "Del Forno Sinicco, Michele"]
[Result "0-1"]
[WhiteElo "1524"]
[BlackElo "1802"]
[PlyCount "76"]
[EventDate "2010.07.05"]

1. e4 e5 2. Nf3 Nc6 3. Bb5 Nf6 4. O-O Bc5 5. Nxe5 Nxe5 6. d4 Qe7 7. dxc5 Qxc5
8. Bd3 O-O 9. Be3 Qb4 10. Bd2 Qd6 11. Bc3 Re8 12. f4 Nxd3 13. cxd3 Qb6+ 14. Kh1
d5 15. e5 Ng4 16. Qd2 d4 17. Bb4 c5 18. Ba3 Qc6 19. Rf3 b6 20. h3 Ne3 21. Rxe3
dxe3 22. Qxe3 Bb7 23. Qe4 Rad8 24. Nc3 Rxd3 25. Qxc6 Bxc6 26. Rd1 Rxd1+ 27.
Nxd1 Rd8 28. Ne3 Rd2 29. Kg1 Re2 30. Nf5 Kf8 31. g3 g6 32. Nd6 Rg2+ 33. Kf1
Rxg3 34. Nc8 Rxh3 35. Nxa7 Bd7 36. Kg2 Rd3 37. Kf2 Rd4 38. Ke3 Ra4 0-1

[Event "III Open Oro Caffe'"]
[Site "Udine ITA"]
[Date "2010.07.09"]
[Round "5"]
[White "Capaliku, Aleks"]
[Black "Bozza, Gabriele"]
[Result "1-0"]
[WhiteElo "2095"]
[BlackElo "2000"]
[PlyCount "43"]
[EventDate "2010.07.05"]

1. f4 d5 2. Nf3 Nf6 3. e3 g6 4. b3 Bg7 5. Bb2 O-O 6. d4 c5 7. Bd3 Nc6 8. c3 b6
9. O-O Bb7 10. Nbd2 cxd4 11. exd4 e6 12. Ne5 Nxe5 13. fxe5 Ne4 14. Qe2 Nxd2 15.
Qxd2 Qd7 16. Ba3 Rfe8 17. Rf3 Bf8 18. Bxf8 Rxf8 19. Qh6 Rac8 20. Raf1 Rc7 21.
Rf6 Rxc3 22. Bxg6 1-0

[Event "III Open Oro Caffe'"]
[Site "Udine ITA"]
[Date "2010.07.09"]
[Round "5"]
[White "Capizzi, Biagio"]
[Black "Pagnutti, Lorenzo"]
[Result "1-0"]
[WhiteElo "1824"]
[BlackElo "2095"]
[PlyCount "83"]
[EventDate "2010.07.05"]

1. d4 Nf6 2. c4 g6 3. Nc3 Bg7 4. e4 d6 5. f3 Nc6 6. Be3 O-O 7. Nge2 e5 8. d5
Ne7 9. Qd2 c6 10. g4 cxd5 11. cxd5 Ne8 12. g5 f5 13. gxf6 Nxf6 14. Ng3 Bd7 15.
h4 Be8 16. O-O-O Qa5 17. Bd3 b5 18. Kb1 b4 19. Nce2 Nd7 20. f4 exf4 21. Nxf4
Be5 22. Rdg1 Nc5 23. Nf5 Nxf5 24. exf5 Na4 25. fxg6 Nc3+ 26. bxc3 bxc3 27.
gxh7+ Kh8 28. Rg8+ Rxg8 29. hxg8=Q+ Kxg8 30. Qg2+ Kh8 31. Ng6+ Bxg6 32. Qxg6
c2+ 33. Bxc2 Rb8+ 34. Kc1 Bb2+ 35. Kd1 Qxd5+ 36. Ke2 Qb5+ 37. Bd3 Qd7 38. Qh6+
Kg8 39. Bc4+ d5 40. Rg1+ Bg7 41. Bxd5+ Kf8 42. Qf4+ 1-0

[Event "III Open Oro Caffe'"]
[Site "Udine ITA"]
[Date "2010.07.09"]
[Round "5"]
[White "Cicioni, Luigi"]
[Black "Gentile, Bruno"]
[Result "1-0"]
[WhiteElo "1827"]
[BlackElo "1305"]
[PlyCount "41"]
[EventDate "2010.07.05"]

1. e4 c5 2. Nf3 d6 3. d4 cxd4 4. Nxd4 a6 5. Nc3 Qc7 6. Be2 Nf6 7. Be3 Nc6 8. f4
Nxd4 9. Bxd4 e6 10. O-O Be7 11. Qe1 e5 12. Be3 b6 13. Qg3 Rg8 14. fxe5 dxe5 15.
Rxf6 Bxf6 16. Nd5 Qc6 17. Bxb6 Bd8 18. Bxd8 Kxd8 19. Rd1 Bd7 20. Qh4+ Ke8 21.
Qe7# 1-0

[Event "III Open Oro Caffe'"]
[Site "Udine ITA"]
[Date "2010.07.09"]
[Round "5"]
[White "De Monte, David"]
[Black "Bozza, Stefano"]
[Result "1-0"]
[WhiteElo "1650"]
[BlackElo "1830"]
[PlyCount "51"]
[EventDate "2010.07.05"]

1. e4 e5 2. Bc4 Nf6 3. Nc3 Nc6 4. d3 Bc5 5. h3 h6 6. Nge2 a6 7. O-O d6 8. Kh1
O-O 9. f4 Nh5 10. Qe1 Nxf4 11. Nxf4 exf4 12. Bxf4 Kh7 13. Qg3 Be6 14. Nd5 Rg8
15. c3 Ne7 16. d4 Ba7 17. Bd3 Ng6 18. Bd2 c6 19. Ne3 Qd7 20. d5 Bxe3 21. dxe6
fxe6 22. Bxe3 Ne5 23. Bd4 Nxd3 24. Qxd3 Qe7 25. e5+ Kh8 26. exd6 1-0

[Event "III Open Oro Caffe'"]
[Site "Udine ITA"]
[Date "2010.07.09"]
[Round "5"]
[White "De Val, Tarcisio"]
[Black "Zavagno, Matteo"]
[Result "1/2-1/2"]
[WhiteElo "1615"]
[BlackElo "1524"]
[PlyCount "119"]
[EventDate "2010.07.05"]

1. e4 e6 2. d4 d5 3. e5 c5 4. c3 Nc6 5. Nf3 Qb6 6. Na3 Nge7 7. g4 Bd7 8. Nc2
cxd4 9. cxd4 O-O-O 10. Bd3 Kb8 11. b3 Nb4 12. Nxb4 Qxb4+ 13. Bd2 Qb6 14. O-O
Nc6 15. Bc3 Be7 16. a3 h5 17. g5 h4 18. a4 a5 19. Kh1 g6 20. Rb1 Nb4 21. Qd2
Rc8 22. Be2 Rc7 23. h3 Rc6 24. Bxb4 Bxb4 25. Qf4 Rh7 26. Rfc1 Rc3 27. Kh2 Qc7
28. Rxc3 Qxc3 29. Qc1 Qxc1 30. Rxc1 Rh8 31. Kg2 Rh5 32. Rc2 Be7 33. Bb5 Bxb5
34. axb5 Bxg5 35. Nxg5 Rxg5+ 36. Kf3 Rg1 37. b6 Rb1 38. Rc3 a4 39. bxa4 Rxb6
40. Kg4 Rb4 41. Kxh4 Rxd4+ 42. Kg5 Rxa4 43. Rf3 Re4 44. Kf6 Kc7 45. Rc3+ Rc4
46. Rf3 Re4 47. Rc3+ Kd7 48. Kxf7 Rxe5 49. Kxg6 Rf5 50. h4 Rxf2 51. Rh3 Rg2+
52. Kf6 Rg8 53. h5 b5 54. Rb3 Rh8 55. Kg6 Kc6 56. h6 Kc5 57. Kg7 Ra8 58. h7
Ra7+ 59. Kh6 Ra8 60. Re3 1/2-1/2

[Event "III Open Oro Caffe'"]
[Site "Udine ITA"]
[Date "2010.07.09"]
[Round "5"]
[White "Degano, Emanuele"]
[Black "Rozmann, Glauco"]
[Result "1-0"]
[WhiteElo "1614"]
[BlackElo "1745"]
[PlyCount "57"]
[EventDate "2010.07.05"]

1. e4 c5 2. Nf3 e6 3. d4 Nf6 4. Nc3 Be7 5. e5 Nd5 6. Nxd5 exd5 7. dxc5 Qa5+ 8.
c3 Qxc5 9. Be3 Qc6 10. Qb3 Na6 11. O-O-O Nc7 12. Bd3 b5 13. Nd4 Qb7 14. Nxb5
Nxb5 15. Qxb5 Qc7 16. Qa4 a5 17. Bf4 Rb8 18. e6 Bd6 19. exf7+ Kxf7 20. Bxd6
Qxd6 21. Qxa5 Qf4+ 22. Kb1 Bb7 23. Qc5 Rhe8 24. Rde1 Rxe1+ 25. Rxe1 Kg8 26. h3
Bc6 27. Qd4 Qd2 28. Bxh7+ Kxh7 29. Qxd2 1-0

[Event "III Open Oro Caffe'"]
[Site "Udine ITA"]
[Date "2010.07.09"]
[Round "5"]
[White "Del Forno Sinicco, Michele"]
[Black "Cecchetto, Vanni"]
[Result "0-1"]
[WhiteElo "1802"]
[BlackElo "1948"]
[PlyCount "62"]
[EventDate "2010.07.05"]

1. e4 c5 2. Nf3 a6 3. c3 d5 4. exd5 Qxd5 5. d4 e6 6. Be2 Nf6 7. O-O Nc6 8. Na3
cxd4 9. Qa4 Bxa3 10. Qxa3 e5 11. cxd4 e4 12. Re1 Be6 13. Ne5 Nxd4 14. Bf4 Nxe2+
15. Rxe2 Nh5 16. Rd2 Qb5 17. Be3 Qxe5 18. Rad1 Nf4 19. Bxf4 Qxf4 20. Qb4 Qc7
21. Qa4+ b5 22. Qb4 Qe7 23. Rd6 O-O 24. Qxe4 Rac8 25. b3 h6 26. f4 Qa7+ 27. Kh1
Qc5 28. h3 Rfe8 29. Qf3 Qf5 30. Kh2 Qf6 31. R1d5 Bxd5 0-1

[Event "III Open Oro Caffe'"]
[Site "Udine ITA"]
[Date "2010.07.09"]
[Round "5"]
[White "Fantini, Marco"]
[Black "Muzzolini, Claudio"]
[Result "1-0"]
[WhiteElo "1954"]
[BlackElo "1809"]
[PlyCount "67"]
[EventDate "2010.07.05"]

1. d4 Nf6 2. f3 d5 3. e4 dxe4 4. Nc3 exf3 5. Nxf3 e6 6. Bg5 Be7 7. Bd3 Nbd7 8.
O-O h6 9. Bf4 c6 10. Qd2 Qa5 11. a3 Qd8 12. Kh1 b6 13. Ne5 Bb7 14. Rae1 Nxe5
15. dxe5 Nd5 16. Ne4 Qd7 17. Bg3 c5 18. Qf2 Rf8 19. Rd1 Rd8 20. c4 Nc7 21. Bc2
Qc6 22. Rxd8+ Kxd8 23. Rd1+ Kc8 24. Nd6+ Bxd6 25. exd6 Na6 26. d7+ Kd8 27. Rd6
Qc7 28. Rxe6 Qc6 29. Rxc6 Bxc6 30. Bf5 g6 31. Bxg6 Bxd7 32. Qf6+ Ke8 33. Be4
Rg8 34. Qxf7+ 1-0

[Event "III Open Oro Caffe'"]
[Site "Udine ITA"]
[Date "2010.07.09"]
[Round "5"]
[White "Fermo, Ruggero"]
[Black "De Poi, Paolo"]
[Result "0-1"]
[WhiteElo "1901"]
[BlackElo "2198"]
[PlyCount "104"]
[EventDate "2010.07.05"]

1. e4 c5 2. Nf3 d6 3. d4 cxd4 4. Nxd4 Nf6 5. Nc3 g6 6. Be3 Bg7 7. Be2 O-O 8.
O-O Nc6 9. Bf3 Bd7 10. Qd2 Rc8 11. a3 a6 12. h3 Ne5 13. Be2 Nc4 14. Bxc4 Rxc4
15. b3 Rc8 16. f3 Re8 17. Rad1 b5 18. Nb1 Qc7 19. c3 Qb7 20. Rfe1 Rc7 21. b4
Rec8 22. Nb3 Be6 23. Na5 Qb8 24. Qf2 Nd7 25. Rc1 Ne5 26. Red1 Bc4 27. Bb6 Rd7
28. Qe3 Ba2 29. Nd2 Nc4 30. Ndxc4 Bxc4 31. f4 Bh6 32. Qf2 Bxf4 33. Qxf4 Qxb6+
34. Kh1 Be6 35. Rd3 Qd8 36. h4 f6 37. g4 Rdc7 38. g5 fxg5 39. Qxg5 Qf8 40. Qg3
Qh6 41. Qg5 Qxg5 42. hxg5 Rf8 43. Rg3 Rf2 44. Kg1 Ra2 45. c4 bxc4 46. Rgc3 Kg7
47. R1c2 Rxc2 48. Rxc2 h6 49. gxh6+ Kxh6 50. Rc3 Kg5 51. Kf2 Kf4 52. Re3 c3 0-1

[Event "III Open Oro Caffe'"]
[Site "Udine ITA"]
[Date "2010.07.09"]
[Round "5"]
[White "Gabassi, Cristina"]
[Black "Varini, Massimo"]
[Result "0-1"]
[WhiteElo "1621"]
[BlackElo "2076"]
[PlyCount "62"]
[EventDate "2010.07.05"]

1. e4 e5 2. Nf3 d6 3. Nc3 Nf6 4. Be2 Be7 5. O-O Nc6 6. d4 exd4 7. Nxd4 O-O 8.
Nxc6 bxc6 9. f4 Re8 10. Bf3 d5 11. e5 Nd7 12. b3 Rb8 13. Bb2 Nf8 14. Bg4 Ba6
15. Rf3 Bc5+ 16. Kh1 Ng6 17. Na4 Bf8 18. Qe1 Rb4 19. Qg3 Be2 20. Rf2 Bxg4 21.
Qxg4 Nxe5 22. Qg3 Nd7 23. Raf1 Rbe4 24. Qc3 Qh4 25. Kg1 R8e6 26. Qa5 Rh6 27. g3
Qh3 28. Qxc7 Re3 29. Rg2 Nc5 30. Nxc5 Bxc5 31. Qb8+ Re8+ 0-1

[Event "III Open Oro Caffe'"]
[Site "Udine ITA"]
[Date "2010.07.09"]
[Round "5"]
[White "Gabassi, Francesco"]
[Black "Redo, Stefano"]
[Result "0-1"]
[WhiteElo "1878"]
[BlackElo "1919"]
[PlyCount "76"]
[EventDate "2010.07.05"]

1. e4 c5 2. Nc3 e6 3. g3 Nc6 4. Bg2 h5 5. Nge2 h4 6. O-O Nf6 7. h3 hxg3 8. fxg3
Nh5 9. d3 Bd6 10. g4 Nf6 11. Bf4 Bxf4 12. Nxf4 Nh7 13. Qf3 Nd4 14. Qf2 Qe7 15.
Ncd5 exd5 16. Nxd5 Qe5 17. Qxf7+ Kd8 18. Qf2 d6 19. c3 Nc6 20. d4 cxd4 21. Rad1
dxc3 22. bxc3 Ng5 23. Qe3 Bxg4 24. hxg4 Qh2+ 25. Kf2 Qh4+ 26. Ke2 Qxg4+ 27. Bf3
Rh2+ 28. Rf2 Nxf3 29. Qxf3 Qxf3+ 30. Kxf3 Ne5+ 31. Kg3 Rxf2 32. Kxf2 Kd7 33.
Rg1 Rf8+ 34. Ke2 g6 35. Rh1 Rf7 36. Rh8 g5 37. Rg8 g4 38. Rg6 Nxg6 0-1

[Event "III Open Oro Caffe'"]
[Site "Udine ITA"]
[Date "2010.07.09"]
[Round "5"]
[White "La Malfa, Stelio"]
[Black "Orsatti, Marcello"]
[Result "0-1"]
[WhiteElo "1826"]
[BlackElo "1995"]
[PlyCount "82"]
[EventDate "2010.07.05"]

1. e4 d6 2. d4 Nf6 3. Nc3 c6 4. f3 Qa5 5. Be3 e5 6. Nge2 b5 7. Nc1 Be7 8. Nb3
Qc7 9. Qd2 a5 10. g4 a4 11. g5 Nfd7 12. Nc1 b4 13. N3e2 c5 14. dxc5 dxc5 15.
Ng3 g6 16. h4 Nc6 17. c3 a3 18. Bc4 axb2 19. Qxb2 bxc3 20. Qb3 Nd4 21. Bxf7+
Kf8 22. Bxd4 exd4 23. Nge2 Rb8 24. Qd5 Nb6 25. Qb3 c4 26. Qb5 Bd7 27. Qa5 Ra8
28. Qxa8+ Nxa8 29. Bd5 Nb6 30. Rf1 Nxd5 31. exd5 Qe5 32. f4 Qe3 33. Rb1 d3 34.
Rb8+ Kg7 35. Rb7 c2 36. Rf2 d2+ 37. Kf1 Bh3+ 38. Kg1 d1=Q+ 39. Kh2 Qxf2+ 40.
Kxh3 Qh1+ 41. Kg4 Qhf3# 0-1

[Event "III Open Oro Caffe'"]
[Site "Udine ITA"]
[Date "2010.07.09"]
[Round "5"]
[White "Maestri, Roberto"]
[Black "Castellano, Alfonso"]
[Result "0-1"]
[WhiteElo "1768"]
[BlackElo "1935"]
[PlyCount "60"]
[EventDate "2010.07.05"]

1. e4 c5 2. d4 cxd4 3. c3 Nf6 4. e5 Nd5 5. cxd4 d6 6. Bc4 Nb6 7. Bb3 dxe5 8.
dxe5 Qc7 9. Nf3 Nc6 10. Bf4 e6 11. O-O Be7 12. Nc3 a6 13. Rc1 O-O 14. Qe2 Nd7
15. Rfd1 b5 16. Nd4 Nc5 17. Ndxb5 axb5 18. Nxb5 Qb6 19. Be3 Ba6 20. a4 Rac8 21.
Bc4 Qb8 22. Bxc5 Bxc5 23. Nd6 Bxc4 24. Rxc4 Nxe5 25. Nxc8 Nxc4 26. Rc1 Ne5 27.
Rxc5 Rxc8 28. Qb5 Qa8 29. f4 Qa7 30. b4 Nd7 0-1

[Event "III Open Oro Caffe'"]
[Site "Udine ITA"]
[Date "2010.07.09"]
[Round "5"]
[White "Menon, Michele"]
[Black "Sialino, Roberto"]
[Result "1-0"]
[WhiteElo "1733"]
[BlackElo "1900"]
[PlyCount "87"]
[EventDate "2010.07.05"]

1. Nf3 b6 2. d3 Bb7 3. g3 e6 4. Bg2 d5 5. Nbd2 Nf6 6. O-O Nbd7 7. Re1 Bd6 8. e4
dxe4 9. dxe4 Ng4 10. Nc4 Bc5 11. Ne3 Nxe3 12. Bxe3 Bxe4 13. Bxc5 Nxc5 14. b4
Qxd1 15. Raxd1 Bxc2 16. Rd2 Nd3 17. Rxc2 Nxe1 18. Nxe1 O-O-O 19. Bc6 a6 20. Nf3
Rd1+ 21. Kg2 f6 22. a4 Rhd8 23. h4 Rb1 24. Rc4 Ra1 25. b5 a5 26. Nd4 Rd6 27.
Bf3 Ra2 28. Bg4 f5 29. Bh3 h6 30. Nxe6 Rdd2 31. Rf4 g6 32. Nf8 Rd6 33. Nxg6 Kb8
34. Bxf5 Rf6 35. Ne7 Rf7 36. Nc6+ Ka8 37. Rd4 Rf8 38. Be4 Rfxf2+ 39. Kh3 Rh2+
40. Kg4 Rad2 41. Bd3 Kb7 42. Rd8 h5+ 43. Kxh5 Rxh4+ 44. gxh4 1-0

[Event "III Open Oro Caffe'"]
[Site "Udine ITA"]
[Date "2010.07.09"]
[Round "5"]
[White "Okhotnik, Vladimir"]
[Black "Della Pietra, Andrea"]
[Result "0-1"]
[WhiteElo "2467"]
[BlackElo "2170"]
[PlyCount "68"]
[EventDate "2010.07.05"]

1. e4 Nc6 2. Nf3 d5 3. exd5 Qxd5 4. Nc3 Qa5 5. g3 Bg4 6. h3 Bh5 7. Bg2 e5 8. d3
O-O-O 9. Bd2 f5 10. g4 fxg4 11. Ng5 Nf6 12. Bxc6 bxc6 13. hxg4 Bxg4 14. f3 Bh5
15. Nce4 Qb6 16. Qe2 Bg6 17. O-O-O Qa6 18. Kb1 h6 19. Nxf6 gxf6 20. Ne6 Bf7 21.
c4 Bxe6 22. f4 Bf5 23. Bc3 Qxc4 24. Ka1 Rxd3 25. Rxd3 Qxd3 26. Qf2 Kb7 27. fxe5
fxe5 28. Bxe5 Qd5 29. Re1 Be6 30. b3 Bc5 31. Qh4 Rd8 32. Bc3 Bf5 33. Qxh6 Qd3
34. Qc1 Ba3 0-1

[Event "III Open Oro Caffe'"]
[Site "Udine ITA"]
[Date "2010.07.09"]
[Round "5"]
[White "Podgornik, Massimo"]
[Black "Visintin, Roberto"]
[Result "0-1"]
[WhiteElo "1491"]
[BlackElo "2031"]
[PlyCount "84"]
[EventDate "2010.07.05"]

1. d4 d5 2. c4 e6 3. Nc3 Be7 4. Nf3 Nf6 5. Bg5 Nbd7 6. e3 c6 7. Qc2 b6 8. Bd3
Bb7 9. O-O O-O 10. cxd5 cxd5 11. Rac1 a6 12. Bf4 Rc8 13. Qb1 b5 14. Nd2 Qb6 15.
b4 Bd6 16. Ne2 Rxc1 17. Rxc1 Rc8 18. Rxc8+ Bxc8 19. Qc2 Bb7 20. a3 e5 21. dxe5
Nxe5 22. Bxe5 Bxe5 23. Nf3 Bd6 24. Ned4 Bf8 25. Ne5 Qd6 26. f4 Ne4 27. Nec6
Bxc6 28. Qxc6 Qxc6 29. Nxc6 Bd6 30. Bxe4 dxe4 31. g4 f6 32. h3 Kf7 33. Kf1 Ke6
34. Ke2 Kd5 35. Nd4 Bxf4 36. Nxb5 axb5 37. exf4 g6 38. f5 gxf5 39. gxf5 Ke5 40.
Ke3 Kxf5 41. a4 bxa4 42. b5 Ke5 0-1

[Event "III Open Oro Caffe'"]
[Site "Udine ITA"]
[Date "2010.07.09"]
[Round "5"]
[White "Procacci, Sergio"]
[Black "Pillon, Giovanni Pietro"]
[Result "1-0"]
[WhiteElo "2043"]
[BlackElo "1921"]
[PlyCount "96"]
[EventDate "2010.07.05"]

1. e4 e5 2. d4 exd4 3. c3 d5 4. Qxd4 dxe4 5. Qxe4+ Qe7 6. Bd3 Nf6 7. Qe2 Qxe2+
8. Nxe2 Bd6 9. Bg5 Nd5 10. Nd2 h6 11. Bh4 Be6 12. Bg3 Bxg3 13. hxg3 Nc6 14. Bb5
Nde7 15. Nf4 Bd7 16. Nh5 O-O 17. O-O-O Rad8 18. Nf3 Bg4 19. Nf4 Rxd1+ 20. Rxd1
Rd8 21. Re1 Kf8 22. Nd2 Bf5 23. f3 a6 24. Ba4 b5 25. Bc2 b4 26. Bxf5 bxc3 27.
bxc3 Nxf5 28. g4 Nd6 29. Kc2 Na5 30. Rd1 Nb5 31. c4 Nd4+ 32. Kc3 c6 33. Re1 c5
34. Nd5 Nac6 35. Ne4 Ne6 36. f4 Nb4 37. f5 Nxd5+ 38. cxd5 Nf4 39. d6 Nxg2 40.
Rg1 Nh4 41. Kc4 Nf3 42. Rg3 Nd2+ 43. Nxd2 Rxd6 44. Nb3 Ke7 45. Nxc5 Rd2 46.
Re3+ Kd8 47. Rd3+ Rxd3 48. Kxd3 g6 1-0

[Event "III Open Oro Caffe'"]
[Site "Udine ITA"]
[Date "2010.07.09"]
[Round "5"]
[White "Tassinari, Luca"]
[Black "Bisaro, Andrea"]
[Result "1-0"]
[WhiteElo "1856"]
[BlackElo "1721"]
[PlyCount "80"]
[EventDate "2010.07.05"]

1. e4 c5 2. Nf3 e6 3. d4 cxd4 4. Nxd4 a6 5. a4 Qc7 6. Nc3 Nf6 7. Qf3 Bc5 8. Nb3
Be7 9. Bf4 d6 10. Bd3 Nc6 11. h3 Nb4 12. g4 Nxd3+ 13. cxd3 e5 14. Be3 Be6 15.
Nd2 Nd7 16. Qe2 Qa5 17. O-O h5 18. Nc4 Qd8 19. Kg2 Bxc4 20. dxc4 Bg5 21. Nd5
Bxe3 22. Qxe3 Nc5 23. g5 Ne6 24. h4 Nd4 25. Rac1 Qd7 26. f3 Qc6 27. f4 Rd8 28.
c5 dxc5 29. fxe5 Qc8 30. Qf4 Rf8 31. g6 Qg4+ 32. Qxg4 hxg4 33. Rxf7 Rxf7 34.
gxf7+ Kxf7 35. Rxc5 Nc6 36. Kg3 Re8 37. Ne3 Rxe5 38. Rxe5 Nxe5 39. Nxg4 Nxg4
40. Kxg4 Kf6 1-0

[Event "III Open Oro Caffe'"]
[Site "Udine ITA"]
[Date "2010.07.09"]
[Round "5"]
[White "Tonon, Alessandro"]
[Black "Mogranzini, Roberto"]
[Result "0-1"]
[WhiteElo "2274"]
[BlackElo "2387"]
[PlyCount "42"]
[EventDate "2010.07.05"]

1. d4 Nf6 2. c4 g6 3. Nc3 Bg7 4. Nf3 d6 5. g3 O-O 6. Bg2 Nc6 7. O-O Bf5 8. d5
Na5 9. Nd4 Bd7 10. b3 c5 11. dxc6 bxc6 12. Bb2 Rb8 13. Rb1 Qc8 14. e4 Bh3 15.
Qd2 Bxg2 16. Kxg2 Rd8 17. f3 Nb7 18. Qe3 Nc5 19. Ba1 a5 20. Rfd1 e5 21. Nde2
Qd7 0-1

[Event "III Open Oro Caffe'"]
[Site "Udine ITA"]
[Date "2010.07.09"]
[Round "5"]
[White "Trento, Giacomo"]
[Black "Del Cont Bernard, Emanuela"]
[Result "1-0"]
[WhiteElo "1794"]
[BlackElo "1302"]
[PlyCount "27"]
[EventDate "2010.07.05"]

1. e4 e5 2. f4 exf4 3. Nf3 Bc5 4. d4 Bb4+ 5. c3 Be7 6. Bc4 d6 7. Bxf4 Bg4 8.
O-O Nf6 9. e5 Nfd7 10. Bxf7+ Kxf7 11. Ng5+ Ke8 12. Qxg4 g6 13. Ne6 h5 14. Qxg6#
1-0